History Quiz

Random History or Letter Quiz

American Civil War A-Z Quiz Stats

 Plays Quiz not verified by Sporcle

Challenge
Share
Tweet
Embed
Score 0/26 Timer 07:00
0 Plays Today
Letter Answer % Correct
AAndersonville
80.8%
VVicksburg
73.9%
PPickett-Pettigrew Charge
71.9%
WWest Virginia
70.1%
MMason-Dixon Line
65.3%
HHardtack
61.8%
RRebel Yell
61.3%
DDevil's Den
59.5%
XXenophobia
58.7%
LGeneral James Longstreet
56.5%
UUnconditional Surrender
54.9%
GBattle of Gettysburg
51.6%
BGeneral Braxton Bragg
47.8%
Letter Answer % Correct
TTraveller
45.8%
EEnfield
45.6%
YBattle of Yellow Tavern
35.2%
CBattle of Chancellorsville
34.2%
QColonel William Clarke Quantrill
33.2%
SShenandoah Valley
21%
FFort Fisher
8.9%
IIntrepid
7.8%
OBattle of Olustee
6.6%
JJohnson's Island
4.3%
KKerr Revolver
2.3%
NBattle of New Market Heights
2.3%
ZZigler's Grove
2%

You're not logged in!

Compare scores with friends on all Sporcle quizzes.
OR
Log In

You Might Also Like...

Show Comments

Extras

Created Jun 25, 2010ReportNominate
Tags:Letter Quiz, War Quiz, A-Z, America, civil

Top Quizzes Today


Score Distribution

Your Account Isn't Verified!

In order to create a playlist on Sporcle, you need to verify the email address you used during registration. Go to your Sporcle Settings to finish the process.

Report this User

Report this user for behavior that violates our Community Guidelines.

Details: